000 00698nam a2200205 i 4500
001 bg
100 1 _aGOLEC, Jan
245 0 _aZginanie oraz jednoczesne zginanie i ściskanie lub rozciąganie ram złożonych z prętów o zmiennych sztywnościach /
_cJan Golec, Barbara Czajkowska.
260 _aLublin :
_bPolit. Lubelska,
_c1982.
300 _as. 104, nlb. 3 :
_brys., tab.
490 1 _aPrace Inst. Inż. Bud. i Sanit. Seria A ;
_vNr 5
504 _a[Zawiera bibliogr. s. 105].
700 1 _aCZAJKOWSKA, Barbara
830 _aPrace Inst. Inż. Bud. i Sanit. Seria A ;
040 _cBPK
041 _apol
080 _a624.07
942 _cKS
008 s pl f |000 0 pol
999 _c20889
_d20889
856 _uhttp://koha.tu.koszalin.pl/cgi-bin/koha/opac-detail.pl?biblionumber=20889
_yKatalog online BPK